Administrative procedure in Government agencies : (Record no. 4694)
[ view plain ]
| 000 -LEADER | |
|---|---|
| fixed length control field | 01962cam a2200349 4500 |
| 001 - CONTROL NUMBER | |
| control field | 4694 |
| 003 - CONTROL NUMBER IDENTIFIER | |
| rucl marc code | BD-RjUL |
| 005 - DATE AND TIME OF LATEST TRANSACTION | |
| control field | 20211208233935.0 |
| 008 - FIXED-LENGTH DATA ELEMENTS--GENERAL INFORMATION | |
| fixed length control field | 131223s1968 vau 001 0 eng |
| 035 ## - SYSTEM CONTROL NUMBER | |
| System control number | (BD-RjUL)4729 |
| 040 ## - CATALOGING SOURCE | |
| Original cataloging agency | DLC |
| Transcribing agency | DLC |
| Modifying agency | DLC |
| -- | BD-RjUL |
| Language of cataloging | eng |
| 041 ## - LANGUAGE CODE | |
| Language code of text/sound track or separate title | eng |
| 082 00 - DEWEY DECIMAL CLASSIFICATION NUMBER | |
| Classification number | 353 |
| Author mark and year | UNA 1968 |
| 110 1# - MAIN ENTRY--CORPORATE NAME | |
| Corporate name or jurisdiction name as entry element | United States. |
| Subordinate unit | Attorney General's Committee on Administrative Procedure. |
| 9 (RLIN) | 14799 |
| 245 10 - TITLE STATEMENT | |
| Title | Administrative procedure in Government agencies : |
| Remainder of title | Report of the Committee on Administrative Procedure, appointed by the Attorney General, at the request of the President, to investigate the need for procedural reform in various administrative tribunals and to suggest improvements therein / |
| Statement of responsibility, etc. | With a pref. by Charles K. Woltz. |
| 260 ## - PUBLICATION, DISTRIBUTION, ETC. (IMPRINT) | |
| Place of publication, distribution, etc. | Charlottesville : |
| Name of publisher, distributor, etc. | University Press of Virginia , |
| Date of publication, distribution, etc. | c1968 |
| 300 ## - PHYSICAL DESCRIPTION | |
| Pagination | xii, 131 p. |
| Size | 23 cm. |
| 500 ## - GENERAL NOTE | |
| General note | "[Reprint] of pages 1-121 of Senate document no. 8, 77th Congress, 1st session (1941), with a preface and an index." |
| General note | Running title: Final report of the Attorney General's Committee [on] Administrative Procedure. |
| General note | Commonly known as the Acheson report. |
| General note | Commonly known as The Acheson report. |
| 504 ## - BIBLIOGRAPHY, ETC. NOTE | |
| Bibliography, etc | Includes index. |
| 650 #0 - SUBJECT ADDED ENTRY--TOPICAL TERM | |
| Topical term or geographic name as entry element | Administrative procedure |
| Geographic subdivision | United States. |
| 9 (RLIN) | 14801 |
| 700 1# - ADDED ENTRY--PERSONAL NAME | |
| Personal name | Woltz, Charles K. |
| Personal name | Acheson, Dean, |
| Dates associated with a name | 1893-1971. |
| 856 ## - ELECTRONIC LOCATION AND ACCESS | |
| Uniform Resource Identifier | <a href="http://www.worldcat.org/title/administrative-procedure-in-government-agencies-report-of-the-committee-on-administrative-procedure-appointed-by-the-attorney-general-at-the-request-of-the-president-to-investigate-the-need-for-procedural-reform-in-various-administrative-tribunals-and-to-suggest-improvements-therein/oclc/441069&referer=brief_results">http://www.worldcat.org/title/administrative-procedure-in-government-agencies-report-of-the-committee-on-administrative-procedure-appointed-by-the-attorney-general-at-the-request-of-the-president-to-investigate-the-need-for-procedural-reform-in-various-administrative-tribunals-and-to-suggest-improvements-therein/oclc/441069&referer=brief_results</a> |
| 942 ## - ADDED ENTRY ELEMENTS (KOHA) | |
| Source of classification or shelving scheme | Dewey Decimal Classification |
| Koha item type | Books |
| Lost status | Source of classification or shelving scheme | Damaged status | Not for loan | Collection code | Permanent Location | Current Location | Shelving location | Date acquired | Source of acquisition | Cost, normal purchase price | Total Checkouts | Full call number | Date last seen | Copy number | Koha item type |
|---|---|---|---|---|---|---|---|---|---|---|---|---|---|---|---|
| Dewey Decimal Classification | Not For Loan | Non-fiction | Central Library, University of Rajshahi | Central Library, University of Rajshahi | 05/06/1972 | Swets + Zetlinger | 1.55 | 353 UNA 1968 | 23/12/2013 | C-1 | Books |